Islam ako ho nepoznáme

Bibliographic Details
Main Authors: Děd, Marián, 1981- (Author), Ondria, Peter, 1978- (Author)
Format: Article
Language:Slovak
ISSN:1335-2741
Subjects:

MARC

LEADER 00000nab a2200000 a 4500
001 vtls010178281
003 SK-MaSNL
005 20260304161102.0
008 250507c2010 xo ||||||||||||00 b|slo
015 |a SNBRB2010/10  |2 snkbucl 
035 |a (sysno)vtls010178281 
035 |a urn:nbn:sk:snk-ab75p1 
035 |a (uuid)6739f985-4ce1-4217-b0e4-5bc6275ea564 
035 |a (urnnbn)urn:nbn:sk:snk:ar-a06zto 
040 |a SNKBUCL  |b slo  |c SNKBUCL  |e AACR2 
041 0 |a slo 
044 |a xo  |c SK 
080 |a 28  |2 2001 
080 |a 28-23  |2 2001 
080 |a 28-832-184.25  |2 2001 
100 1 |a Děd, Marián,  |d 1981-  |4 aut  |9 69260 
245 1 0 |a Islam ako ho nepoznáme  |c Marián Děd, Peter Ondria 
630 0 7 |a Korán  |2 snkbucl  |9 19204 
650 0 7 |a islam  |2 SNKPH  |9 1821 
650 0 7 |a islamský fundametalizmus  |2 snkbucl  |9 1484564 
650 0 7 |a náboženstvo  |2 snkbucl  |9 2023 
650 0 7 |a politické aspekty  |2 snkbucl  |9 3867 
655 7 |a recenzie  |2 snkbucl  |9 21907 
700 1 |a Ondria, Peter,  |d 1978-  |4 aut  |9 261772 
773 0 |t Politické vedy  |g Roč. XIII, č. 1 (2010), s. 118-122  |x 1335-2741 
787 0 8 |i Rec.:  |a Spencer, Robert Bruce, 1962-  |t Islám bez závoje  |d Praha : Triton, 2006  |z 8072547615 
850 |a Slovenská národná knižnica 
852 |a Slovenská národná knižnica 
954 |a odborná, vedecká literatúra pôvodná (slovenská)  |2 lita 
958 |a article27 
958 |a RC 
958 |a OND 
958 |a EUIPO 
999 |c 2969939  |d 2971869